Focus sur: Lungorthin - Tolkien - Statistiques

Statistiques générales
  • Ce quiz a été pris 5 fois
  • Le résultat moyen est 4 sur 5
Statistiques - réponses
Informations recherchées Réponses % Correct
Espèce Balrog
100%
Première apparition Le Silmarillion
80%
Forteresse Angband
60%
Vala associé Melkor
60%
Professions et titres Prince des Balrogs
60%
Aucun quiz correspondant
Distribution des résultats
% des personnes avec chaque résultat
Percentile par nombre de réponses
Votre historique - résultats
Vous n’avez pas pris ce quiz